| 000 | 00842nam a22002417a 4500 | ||
|---|---|---|---|
| 999 |
_c17626 _d17626 |
||
| 003 | BDDh-ASL | ||
| 005 | 20231015025615.0 | ||
| 008 | 170618b2011 bg abe|| |||| 00| 0 eng | ||
| 020 | _a9789845120012 | ||
| 037 |
_bAsiatic Society of Bangladesh publication _ctk 1500 |
||
| 040 |
_aBDDh-ASL _cBDDh-ASL |
||
| 082 |
_a930.1549 _bZAA |
||
| 100 | 1 |
_aZakariah, AKM _9443 |
|
| 245 | 1 | 4 |
_aThe Archaeological Heritage of Bangladesh / _cAKM Zakariah |
| 260 |
_aDhaka: _bAsiatic Society of Bangladesh, _c2011. |
||
| 300 |
_axi, 796 p.: _bill, maps; _c25 cm. |
||
| 440 |
_aAsiatic Society of Bangladesh publication; _vno.112 _9312 |
||
| 504 | _aIncludes bibliographical references | ||
| 505 | _aBibliography: P. [793]-796 | ||
| 650 |
_aArchaeology _xHistory _xHeritage _zBangladesh _9444 |
||
| 700 | 1 |
_aHossain, Md. Mosharraf _9445 |
|
| 942 |
_2ddc _cBK |
||